banner koha

Doenças em cacaueiro e cupuaçuzeiro no Acre (Registro n. 9347)

MARC details
000 -LÍDER
fixed length control field 03075nab a2200313 i 4500
003 - CÓDIGO MARC DA AGÊNCIA CATALOGADORA
Campo de controle BR-BrBNA
005 - DATA E HORA DA ÚLTIMA ATUALIZAÇÃO
Campo de controle 20231211141109.0
008 - CAMPO DE TAMANHO FIXO
fixed length control field 230613b2022 bl.ar|pooa||| 00| 0 por |
040 ## - FONTE DA CATALOGAÇÃO
Agência catalogadora BR-BrBNA
Idioma da catalogação por
072 ## - CATEGORIA AGRIS
Código AGRIS H20
Código do objeto 2110
072 ## - CATEGORIA AGRIS
Código do objeto 1190
100 ## - ENTRADA PRINCIPAL - NOME PESSOAL
Nome pessoal Siviero, Amauri
100 ## - ENTRADA PRINCIPAL - NOME PESSOAL
Nome pessoal Macedo, Paulo Eduardo Franca de
100 ## - ENTRADA PRINCIPAL - NOME PESSOAL
Nome pessoal Moreira, Giovanna Teixeira Sandoval
245 ## - TÍTULO PRINCIPAL
Título principal Doenças em cacaueiro e cupuaçuzeiro no Acre
500 ## - NOTA GERAL
Nota geral Publicação on-line; 7 ref.; 1 table; 1 illus.; Summaries (En, Pt)
942 ## - ADDED ENTRY ELEMENTS (KOHA)
Koha item type
520 ## - NOTA DE RESUMO
Nota de conteúdo <br/><br/>Objetivou-se neste trabalho relatar a ocorrência de doenças do cacaueiro e cupuaçuzeiro no Acre. Foram<br/>realizadas 36 expedições de campo em 20 municípios entre 2018 e 2021. Amostras de ramos e frutos suspeitos foram<br/>analisadas no Laboratório de Fitopatologia da Embrapa Acre. Foram identificados os fungos: Moniliopthora<br/>perniciosa (vassoura-de-bruxa), Phytophthora spp. (podridão-parda), Botryodiplodia theobromae (morte<br/>descendente), Colletotrichum spp. (antracnose), Acremonium spp., Fusarium spp., Monalonium annulipes e<br/>Phomopsis spp. A vassoura de bruxa, podridão parda e a morte descendente estão amplamente difundidas no Acre.<br/>A monilíase causada por Moniliophthora roreri foi relatada pela primeira vez no Brasil, no Acre no município de<br/>Cruzeiro do Sul.<br/><br/>Palavras-chave: Theobromae cacao, Theobroma grandiflorum, Amazônia, patógenos, Moniliophthora spp.<br/><br/><br/>
520 ## - NOTA DE RESUMO
Nota de conteúdo <br/><br/>Cocoa and Cupuassu diseases in State of Acre, Brazil. <br/><br/>The objective of this work was to report the occurrence of cocoa tree and cupuaçu tree diseases in Acre. 36 field <br/>expeditions were carried out in 20 municipalities between 2018 and 2021. Samples of suspected branches and fruits <br/>were analyzed at the Phytopathology Laboratory of Embrapa Acre. The following fungi were identified: Moniliopthora <br/>perniciosa (witches’ broom), Phytophthora spp. (black pod), Botryodiplodia theobromae (die back), Colletotrichum spp. <br/>(anthracnose), Acremonium spp., Fusarium spp., Monalonium annulipes, and Phomopsis spp. Witches’ broom, black <br/>pod and die back are widespread in Acre. Moniliasis caused by Moniliophthora roreri was reported for the first time in Brazil,<br/>in Acre and in the municipality of Cruzeiro do Sul.<br/><br/>Key words: Theobromae cacao, Theobroma grandiflorum, Amazon, phytopathogens, Moniliophthora spp.
650 ## - ASSUNTO - THESAGRO
Cabeçalho tópico ou nome geográfico THEOBROMA CACAO
650 ## - ASSUNTO - THESAGRO
Cabeçalho tópico ou nome geográfico THEOBROMA GRANDIFLORUM
650 ## - ASSUNTO - THESAGRO
Cabeçalho tópico ou nome geográfico AMAZÔNIA
650 ## - ASSUNTO - THESAGRO
Cabeçalho tópico ou nome geográfico PATÓGENO
650 ## - ASSUNTO - THESAGRO
Cabeçalho tópico ou nome geográfico FUNGO
773 0# - ENTRADA ANALÍTICA
Host Biblionumber 1823
Registro do item 25162
Imprenta Itabuna-BA Comissão Executiva do Plano de Lavoura Cacaueira 1989
Outro identificador 2023-435741
Título Agrotrópica (Brazil)
ISSN 0103-3816
Colação v. 34(2) p. 159-164; (May-Aug 2022)
Número de controle de registro BR2023000645
856 ## - ACESSO E ENDEREÇO ELETRÔNICO
Identificador uniforme de recurso - URI https://www.gov.br/agricultura/pt-br/assuntos/ceplac/publicacoes/revista-agrotropica/artigos/2022/01033816.2022v34n2p159164.pdf
856 ## - ACESSO E ENDEREÇO ELETRÔNICO
Identificador uniforme de recurso - URI https://www.gov.br/agricultura/pt-br/assuntos/ceplac/publicacoes/revista-agrotropica/revista-volumes/2022/REVISTAAGROTRPICA34.22022.pdf

Nenhum exemplar disponível.

BINAGRI

Telefone: (61)3218-2567/2388/3357/2097 - binagri@agro.gov.br

Ministério da Agricultura e Pecuária , Esplanada dos Ministérios, Bloco D, Anexo B, Brasília/DF, CEP: 70.043-900